| 000 | 00661nam a22001937a 4500 | ||
|---|---|---|---|
| 003 | DO-CoUTE | ||
| 005 | 20260414171911.0 | ||
| 008 | 260414b dr ||||| |||| 00| 0 spa d | ||
| 040 | _cDO-CoUTE | ||
| 082 | _aRD 972.93SA194 | ||
| 100 | 1 |
_aSanchez Javier, Leónidas _eAutor |
|
| 245 | 1 | 0 |
_aManual Teórico Practico de historia social dominicana : _bcontenido para ayudar al conocimiento de la historia / _cLeónidas sanchez javier |
| 260 |
_aSanto Domingo _c2013 |
||
| 300 |
_a115 Paginas : _c23cm, |
||
| 504 | _aIncluye referencia bibliográfica e índice. | ||
| 650 | 4 | _ahistoria | |
| 700 | 1 |
_aLeónidas sanchez Javier _eAutor |
|
| 942 |
_2ddc _cBK |
||
| 999 |
_c24108 _d24108 |
||